000 00264nam a22001217a 4500
008 181106b xxu||||| |||| 00| 0 eng d
041 _aeng
080 _a611
100 _a6
101 _aAna
245 _aAbrief Atalas Human Body
_cMallat.j
942 _2udc
_cBK
999 _c52033
_d52033